| 000 | 00576nam a22002177a 4500 | ||
|---|---|---|---|
| 003 | UA-OsUOA | ||
| 001 | 86460 | ||
| 007 | ta | ||
| 008 | 20120904b un ||||| |||| 00| 0 ukr d | ||
| 090 |
_a94(439) _bП99 |
||
| 942 | _cBK | ||
| 040 |
_aUA-OsUOA _brus _cUA-OsUOA _dUA-OsUOA |
||
| 245 |
_a15 лет свободной Румынии _cред. Королюк Л. М. |
||
| 300 | _a262 с. | ||
| 955 | _a1 | ||
| 041 | _arus | ||
| 080 | _a94(439) | ||
| 260 |
_aМ. _bИМО _c1959 |
||
| 650 | 7 |
_a9 Географія. Біографії. Історія _2UDC |
|
| 999 |
_c373231 _d373231 |
||